<?xml version="1.0" encoding="UTF-8"?>
<record
    xmlns:xsi="http://www.w3.org/2001/XMLSchema-instance"
    xsi:schemaLocation="http://www.loc.gov/MARC21/slim http://www.loc.gov/standards/marcxml/schema/MARC21slim.xsd"
    xmlns="http://www.loc.gov/MARC21/slim">

  <leader>00548nam a22001817a 4500</leader>
  <controlfield tag="005">20240408162707.0</controlfield>
  <controlfield tag="008">240408b        |||||||| |||| 00| 0 eng d</controlfield>
  <datafield tag="020" ind1=" " ind2=" ">
    <subfield code="a">9781592 538584</subfield>
  </datafield>
  <datafield tag="041" ind1=" " ind2=" ">
    <subfield code="a">ENG</subfield>
  </datafield>
  <datafield tag="082" ind1=" " ind2=" ">
    <subfield code="a">720</subfield>
    <subfield code="b">SIM</subfield>
  </datafield>
  <datafield tag="100" ind1=" " ind2=" ">
    <subfield code="a">Simitch A. And Warke V.</subfield>
    <subfield code="9">206216</subfield>
  </datafield>
  <datafield tag="245" ind1=" " ind2=" ">
    <subfield code="a">Language Of  Architecture: 26 Principles Every Architect Should Know</subfield>
  </datafield>
  <datafield tag="260" ind1=" " ind2=" ">
    <subfield code="a">USA</subfield>
    <subfield code="b">The Quarto Group</subfield>
    <subfield code="c">2014</subfield>
  </datafield>
  <datafield tag="300" ind1=" " ind2=" ">
    <subfield code="a">224p</subfield>
    <subfield code="b">Pb</subfield>
    <subfield code="c">     25.5 x 20</subfield>
  </datafield>
  <datafield tag="365" ind1=" " ind2=" ">
    <subfield code="a">INR</subfield>
    <subfield code="b">3624.60</subfield>
    <subfield code="c">2500.97</subfield>
  </datafield>
  <datafield tag="500" ind1=" " ind2=" ">
    <subfield code="a">Concept
Representation
Program
Context</subfield>
  </datafield>
  <datafield tag="942" ind1=" " ind2=" ">
    <subfield code="c">DS</subfield>
  </datafield>
  <datafield tag="999" ind1=" " ind2=" ">
    <subfield code="c">357707</subfield>
    <subfield code="d">357707</subfield>
  </datafield>
  <datafield tag="952" ind1=" " ind2=" ">
    <subfield code="0">0</subfield>
    <subfield code="1">0</subfield>
    <subfield code="2">ddc</subfield>
    <subfield code="4">0</subfield>
    <subfield code="7">0</subfield>
    <subfield code="a">BNCA</subfield>
    <subfield code="b">BNCA</subfield>
    <subfield code="d">2024-04-08</subfield>
    <subfield code="e">Metro Books</subfield>
    <subfield code="f">B D s</subfield>
    <subfield code="g">3624.60</subfield>
    <subfield code="i">2701</subfield>
    <subfield code="l">0</subfield>
    <subfield code="o">720 SIM</subfield>
    <subfield code="p">BNCA-DS-46</subfield>
    <subfield code="r">2024-04-08 00:00:00</subfield>
    <subfield code="t">31%</subfield>
    <subfield code="v">2500.97</subfield>
    <subfield code="w">2024-03-14</subfield>
    <subfield code="y">DS</subfield>
  </datafield>
</record>
